|
|
|
|
| LEADER |
00000naa2a2200000 4500 |
| 001 |
401117 |
| 005 |
20231101065509.0 |
| 035 |
|
|
|a (RuTPU)RU\TPU\prd\44115
|
| 090 |
|
|
|a 401117
|
| 100 |
|
|
|a 20060614a2006 k y0rusy50 ca
|
| 101 |
0 |
|
|a rus
|
| 102 |
|
|
|a RU
|
| 200 |
1 |
|
|a Нормирующие преобразователи
|f С. В. Якунцев, Д. А. Плотников
|
| 225 |
1 |
|
|a Технические средства АСУТП
|
| 461 |
|
0 |
|0 (RuTPU)RU\TPU\prd\2287
|t Промышленные АСУ и контроллеры
|o ежемесячный научно-технический производственный журнал
|d 2002-
|
| 463 |
|
0 |
|0 (RuTPU)RU\TPU\prd\43562
|t № 4
|v С. 54-56
|d 2006
|
| 610 |
1 |
|
|a нормирующие преобразователи
|
| 610 |
1 |
|
|a характеристики
|
| 610 |
1 |
|
|a перепрограммируемые преобразователи
|
| 610 |
1 |
|
|a датчики
|
| 610 |
1 |
|
|a системы сбора данных
|
| 610 |
1 |
|
|a контроллеры
|
| 700 |
|
1 |
|a Якунцев
|b С. В.
|
| 701 |
|
1 |
|a Плотников
|b Д. А.
|
| 801 |
|
1 |
|a RU
|b 63413507
|c 20060614
|g PSBO
|
| 942 |
|
|
|c BK
|